Eckert fisiología animal: mecanismos y adaptaciones
Saved in:
| Main Authors: | , , |
|---|---|
| 格式: | 图书 |
| 语言: | 西班牙语 |
| 出版: |
Madrid
McGraw Hill
1998
|
| 版: | 2a. ed |
| 主题: | |
| 标签: |
添加标签
没有标签, 成为第一个标记此记录!
|
MARC
| LEADER | 00000nam a2200000 a 4500 | ||
|---|---|---|---|
| 001 | UCP4847 | ||
| 003 | CL-VaPUC | ||
| 008 | 990821e19980000SP |||||||||||||||||spa|d | ||
| 082 | 0 | 4 | |a 591.1 |b RAN |2 21 |
| 100 | 0 | |a Randall, David |e author |9 432776 | |
| 700 | 0 | |a Burggren, Warren |e author |9 432777 | |
| 700 | 0 | |a French, Kathleen |e author |9 432778 | |
| 245 | 1 | 0 | |a Eckert fisiología animal: mecanismos y adaptaciones |
| 250 | |a 2a. ed | ||
| 300 | |a 795 p | ||
| 942 | |c BK | ||
| 945 | |d 19990821 00:00:00 |a rbrito | ||
| 260 | |a Madrid |b McGraw Hill |c 1998 | ||
| 650 | 7 | |a FISIOLOGIA ANIMAL |2 CL-VaPUC |9 269586 | |
| 650 | 7 | |a BIOSINTESIS |2 CL-VaPUC |9 269567 | |
| 650 | 0 | |a Neuronas |9 369351 | |
| 650 | 7 | |a HORMONAS |2 CL-VaPUC |9 269554 | |
| 650 | 0 | |a Músculos |9 269552 | |
| 650 | 7 | |a COMPORTAMINETO ANIMAL |2 CL-VaPUC |9 432779 | |
| 650 | 7 | |a SISTEMA CIRCULATORIO |2 CL-VaPUC |9 353656 | |
| 583 | |a last modification |c 19990821 00:00:00 |k Rodrigo Vera | ||
| 999 | |c 282743 |d 282741 | ||
| 952 | |0 0 |1 0 |4 0 |6 591_100000000000000_RAN_1998 |7 0 |8 A |9 325086 |a BIBCUR |b BIBCUR |d 2019-11-20 |i 3555356 |l 3 |o 591.1 RAN 1998 |p 3555356 |r 2025-05-08 |s 2025-05-08 |w 2019-11-20 |y BK |k BCB | ||
| 952 | |0 0 |1 0 |4 0 |6 591_100000000000000_RAN_1998 |7 0 |8 A |9 325087 |a BIBCUR |b BIBCUR |d 2019-11-20 |i 3555364 |o 591.1 RAN 1998 |p 3555364 |r 2025-04-22 |w 2019-11-20 |y BK |k BCB | ||
| 952 | |0 0 |1 0 |4 0 |6 591_100000000000000_RAN_1998 |7 0 |8 A |9 325088 |a BIBCUR |b BIBCUR |d 2019-11-20 |i 3555372 |o 591.1 RAN 1998 |p 3555372 |r 2025-04-22 |w 2019-11-20 |y BK |k BCB | ||
| 952 | |0 0 |1 0 |4 0 |6 591_100000000000000_RAN_1998 |7 0 |8 A |9 325089 |a BIBCUR |b BIBCUR |d 2019-11-20 |i 3555380 |o 591.1 RAN 1998 |p 3555380 |r 2025-04-22 |w 2019-11-20 |y BK |k BCB | ||
| 952 | |0 0 |1 0 |4 0 |6 591_100000000000000_RAN_1998 |7 0 |8 A |9 325090 |a BIBCUR |b BIBCUR |d 2019-11-20 |i 3555399 |o 591.1 RAN 1998 |p 3555399 |r 2025-04-22 |w 2019-11-20 |y BK |k BCB | ||